| 000 | 00000nam 2200000za 4500 |
| 001 | 9.862923 |
| 003 | CaOODSP |
| 005 | 20221107161143 |
| 007 | cr ||||||||||| |
| 008 | 181009s2019 onc o f000 0 eng d |
| 020 | |a978-0-660-28057-8 |
| 040 | |aCaOODSP|beng |
| 043 | |an-cn--- |
| 086 | 1 |aH164-245/2019E-PDF |
| 245 | 00|aCanada's food guide |h[electronic resource]: |bhealthy eating recommendations. |
| 260 | |aOttawa : |bHealth Canada, |c2019. |
| 300 | |a[1] p. |
| 500 | |aIssued also in French under title: Recommandations en matière d’alimentation saine. |
| 500 | |aCaption title. |
| 500 | |aIssued also in HTML format. |
| 692 | 07|2gccst|aGuidelines |
| 692 | 07|2gccst|aNutrition |
| 710 | 1 |aCanada. |bHealth Canada. |
| 775 | 08|tGuide alimentaire canadien |w(CaOODSP)9.862924 |
| 776 | 0#|tCanada's food guide : |w(CaOODSP)9.869506 |
| 776 | 0#|tCanada's food guide : |w(CaOODSP)9.869508 |
| 776 | 0#|tCanada's food guide : |w(CaOODSP)9.869520 |
| 856 | 40|qPDF|s107 KB|uhttps://publications.gc.ca/collections/collection_2019/sc-hc/H164-245-2019-eng.pdf |
| 856 | 4 |qHTML|sN/A|uhttps://food-guide.canada.ca/en/healthy-eating-recommendations/ |